000 00755nam a2200229Ii 4500
003 JO-AjNU
008 230605s9999||||xx |||||||||||||| ||und||
017 _a2021/8/4414
020 _a978-9923-779-03-3
040 _aJO-AjNU
_bara
_erda
_cJO-AjNU
041 _aara
050 1 4 _aJA71.2022
100 3 _aالعبودي، شميم عبد الله,
_eauthor
_962897
245 0 0 _aالمصطلح السياسي المستجد: دراسة ومعجم
250 _aط1
264 3 1 _aعمان: زاد ناشرون وموزعون، 2021
300 _a305ص
336 _atext
_btxt
_2rdacontent
337 _aunmediated
_bn
_2rdamedia
338 _avolume
_bnc
_2rdacarrier
650 4 _aالمصطلح السياسي-العلوم السياسية
_962898
999 _aA28503
_c32071
_d32071